Słowo zaczynające się na "POD" - Statystyki

Ogólne statystyki
  • Ten quiz został rozwiązany 42 razy
  • Średni wynik to 2 z 10
Statystyki odpowiedzi
Hint Odpowiedź % Poprawnych
2. Podanie
59%
3. Podaż
38%
1. Podajnik
24%
5. Podhale
22%
4. Podadzą
5%
6. Podaliśmy
5%
10. Podporządkowywanie
5%
8. Podświetlić
5%
9. Podtrzymywana
5%
7. Podzielona
5%
Nie znaleziono quizów pasujących do podanych kryteriów
Rozkład punktacji
Procent ludzi z każdym wynikiem
Percentyl według liczby udzielonych odpowiedzi
Twoja historia wyników
Nie rozwiązałeś tego quizu